<?xml version="1.0" encoding="UTF-8"?>
<record
    xmlns:xsi="http://www.w3.org/2001/XMLSchema-instance"
    xsi:schemaLocation="http://www.loc.gov/MARC21/slim http://www.loc.gov/standards/marcxml/schema/MARC21slim.xsd"
    xmlns="http://www.loc.gov/MARC21/slim">

  <leader>01198nam a22003017i 4500</leader>
  <datafield tag="999" ind1=" " ind2=" ">
    <subfield code="c">23397</subfield>
    <subfield code="d">23397</subfield>
  </datafield>
  <controlfield tag="003">AR-CdUCM</controlfield>
  <controlfield tag="008">250908b20242024 pe||||| |||| 00| 0 spa d</controlfield>
  <datafield tag="020" ind1=" " ind2=" ">
    <subfield code="a">978-612-43-92-67-2</subfield>
  </datafield>
  <datafield tag="040" ind1=" " ind2=" ">
    <subfield code="a">MUNICIPALIDAD PROVINCIAL DEL CUSCO</subfield>
    <subfield code="c">BIBLIOTECA MUNICIPAL DEL CUSCO</subfield>
  </datafield>
  <datafield tag="082" ind1=" " ind2=" ">
    <subfield code="a">301.15536 / M42</subfield>
    <subfield code="b">M42</subfield>
  </datafield>
  <datafield tag="100" ind1=" " ind2=" ">
    <subfield code="a">Mendoza Bol&#xED;var, Emeterio</subfield>
  </datafield>
  <datafield tag="245" ind1=" " ind2=" ">
    <subfield code="a">Liderazgo y Paradigma :</subfield>
    <subfield code="b">Una gesti&#xF3;n universitaria exitosa /</subfield>
  </datafield>
  <datafield tag="260" ind1=" " ind2=" ">
    <subfield code="a">Cusco :</subfield>
    <subfield code="b">Universidad Andina del Cusco</subfield>
    <subfield code="c">2024</subfield>
  </datafield>
  <datafield tag="300" ind1=" " ind2=" ">
    <subfield code="a">356 p&#xE1;ginas. :</subfield>
    <subfield code="c">29x20 cm.</subfield>
  </datafield>
  <datafield tag="500" ind1=" " ind2=" ">
    <subfield code="z">P&#xE1;ginas: 349-356</subfield>
  </datafield>
  <datafield tag="505" ind1=" " ind2=" ">
    <subfield code="a">Un paradigma -- Experiencia laboral -- Liderazgo -- Paradigma y cultura de puntualidad -- Teor&#xED;as administrativas -- Trabajo en equipo -- Comunicaci&#xF3;n asertiva e inteligencia emocional -- La autoridad te escucha -- Prospectiva e imagen corporativa</subfield>
  </datafield>
  <datafield tag="650" ind1=" " ind2=" ">
    <subfield code="a">Paradigma</subfield>
    <subfield code="9">51525</subfield>
  </datafield>
  <datafield tag="650" ind1=" " ind2=" ">
    <subfield code="a">Liderazgo</subfield>
    <subfield code="9">3124</subfield>
  </datafield>
  <datafield tag="650" ind1=" " ind2=" ">
    <subfield code="a">Cultura de puntualidad</subfield>
    <subfield code="9">51526</subfield>
  </datafield>
  <datafield tag="650" ind1=" " ind2=" ">
    <subfield code="a">Motivaci&#xF3;n</subfield>
    <subfield code="9">5066</subfield>
  </datafield>
  <datafield tag="650" ind1=" " ind2=" ">
    <subfield code="a">Proactividad</subfield>
    <subfield code="9">51527</subfield>
  </datafield>
  <datafield tag="650" ind1=" " ind2=" ">
    <subfield code="a">Trabajo en equipo</subfield>
    <subfield code="9">51528</subfield>
  </datafield>
  <datafield tag="650" ind1=" " ind2=" ">
    <subfield code="a">Comunicaci&#xF3;n asertiva</subfield>
    <subfield code="9">51466</subfield>
  </datafield>
  <datafield tag="856" ind1=" " ind2=" ">
    <subfield code="f">www.uandina.edu.pe</subfield>
  </datafield>
  <datafield tag="942" ind1=" " ind2=" ">
    <subfield code="2">ddc</subfield>
    <subfield code="c">LIBROS</subfield>
  </datafield>
  <datafield tag="945" ind1=" " ind2=" ">
    <subfield code="a">pbjr</subfield>
    <subfield code="d">8-09-2025</subfield>
  </datafield>
  <datafield tag="952" ind1=" " ind2=" ">
    <subfield code="0">0</subfield>
    <subfield code="2">ddc</subfield>
    <subfield code="4">0</subfield>
    <subfield code="7">0</subfield>
    <subfield code="a">SH</subfield>
    <subfield code="b">SH</subfield>
    <subfield code="c">CART</subfield>
    <subfield code="d">2025-09-08</subfield>
    <subfield code="e">Donaci&#xF3;n</subfield>
    <subfield code="g">25.00</subfield>
    <subfield code="o">301.15536 / M42 </subfield>
    <subfield code="p">SH0000017009</subfield>
    <subfield code="r">2025-09-08</subfield>
    <subfield code="y">LIBROS</subfield>
  </datafield>
</record>
